L'Envelat : juliol 1985 / [producció: Ajuntament de Parets del Vallès ; exposició i catàleg realitzats per: Josep I. de Llorens i Duran, Alfons Soldevila i Barbosa] juliol 1985 / [producció:
Descripción Física:
49 p. : il. ; 30 cm
MARC
| LEADER | 00000nam a2200000Ia 4500 | ||
|---|---|---|---|
| 001 | 12667 | ||
| 008 | 160829s9999 xx 000 0 cat d | ||
| 080 | |a FU-29-5 | ||
| 245 | |a L'Envelat : |b juliol 1985 / [producció: |b Ajuntament de Parets del Vallès ; exposició i catàleg realitzats per: |b Josep I. de Llorens i Duran, Alfons Soldevila i Barbosa] | ||
| 260 | |a Parets del Vallès : |b Ajuntament, DL 1985 | ||
| 300 | |a 49 p. : |b il. ; |c 30 cm | ||
| 590 | |a Bibliografia | ||
| 650 | |a Envelat |x Història |9 37570 | ||
| 650 | |a Envelat |x Construcció |9 37571 | ||
| 650 | |a Festes majors |x Catalunya |9 29766 | ||
| 700 | |a Soldevila Barbosa, Alfons |9 37573 | ||
| 700 | |a Llorens Durán, Josep Ignasi |9 37574 | ||
| 710 | 1 | |a Parets del Vallès (Catalunya). |b Ajuntament |9 53261 | |
| 901 | |a Arxiu | ||
| 942 | |n 1 | ||
| 952 | |0 0 |1 0 |4 0 |6 FU295 |7 1 |9 47935 |a Arxiu |b Arxiu |d 2016-12-01 |l 0 |o FU-29-5 |p 12667 |r 2016-12-01 00:00:00 |w 2016-12-01 |y ARXIU | ||
| 999 | |c 51735 |d 51735 | ||